000 00635nam a2200229 i 4500
001 105463
003 ES-MaACL
005 20250330062542.0
007 t|
008 060717s1966 fr ||||1| fre d
080 _a1 Marx, Karl
100 1 _aAlthusser, Louis.
_920538
245 1 0 _aPour Marx /
_cLouis Althusser.
260 _aParis :
_bFrançois Maspero,
_c1966.
300 _a258 p. ;
_c22 cm.
490 1 _aThéorie ;
_v1
500 _aBiblioteca Juan Andrade.
600 1 4 _aMarx, Karl,
_d1818-1883
_978590
830 0 _aThéorie ;
_v1
_9232707
852 _aES-MaACL
_jAND-264
_bR.109576
999 _c105463
_d105463